000
003310000a22001570004500
003
MACL
040
_a
MACL
090
_c
6186
_d
6185
100
_a
Bellow, Saul
245
_a
Augie March
_b
The Adventures of
260
_b
Kalyani Publishers
_c
1953
350
_a
36
650
_a
Fiction
942
_c
BOOK
_k
3436
951
_o
3436 BOOK
999
_c
6138
_d
6138